[Event "4NCL Online Division 4"]
[Site "online"]
[Date "2020.10.20"]
[Round "5.62"]
[White "Smith, David W"]
[Black "Hobson, Kenneth"]
[Result "0-1"]
[WhiteElo "1690"]
[BlackElo "1840"]
[PlyCount "102"]
[EventDate "2020.10.20"]
[WhiteTeam "Doughnuts of Doom"]
[BlackTeam "Oxford 3"]

1. d4 Nf6 2. Nf3 e6 3. e3 b6 4. Bd3 Bb7 5. O-O c5 6. c4 Be7 7. Nc3 O-O 8. e4
cxd4 9. Nxd4 d6 10. b3 Nc6 11. Nxc6 Bxc6 12. Bc2 Rc8 13. Bf4 Ne8 14. Qd2 Bf6
15. Rad1 Qe7 16. Rfe1 Qb7 17. a4 a6 18. Qe3 b5 19. Qh3 h6 20. Qg3 bxc4 21. bxc4
Qb2 22. e5 dxe5 23. Bxe5 Qxc2 24. Bxf6 Nxf6 25. Rc1 Qb3 26. Ne4 Qxg3 27. Nxf6+
gxf6 28. hxg3 Bxa4 29. c5 Rc6 30. Re4 Bb5 31. Rg4+ Kh7 32. Rf4 e5 33. Rh4 Rfc8
34. Rd1 Rxc5 35. Kh2 a5 36. g4 a4 37. Rd6 Kg7 38. Kg3 a3 39. Rd1 Rc3+ 40. f3
Rc1 41. Rd5 a2 42. Rxb5 a1=Q 43. Rb4 Rh1 44. Rxh1 Qxh1 45. Re4 Rh8 46. f4 h5
47. g5 h4+ 48. Kf3 Qf1+ 49. Ke3 Rd8 50. gxf6+ Kxf6 51. fxe5+ Ke6 0-1

[Event "4NCL Online Division 4"]
[Site "online"]
[Date "2020.10.20"]
[Round "5.63"]
[White "Bush, Ian"]
[Black "Ball, Katie C"]
[Result "1-0"]
[WhiteElo "1862"]
[BlackElo "1532"]
[PlyCount "87"]
[EventDate "2020.10.20"]
[WhiteTeam "Oxford 3"]
[BlackTeam "Doughnuts of Doom"]

1. e4 e6 2. d4 d5 3. Nc3 Nf6 4. e5 Nfd7 5. f4 c5 6. Nf3 Nc6 7. Be3 Be7 8. Qd2
a6 9. dxc5 Nxc5 10. O-O-O b5 11. Qf2 Na4 12. Nxa4 bxa4 13. Nd4 Qc7 14. Nxc6
Qxc6 15. Bd3 O-O 16. f5 exf5 17. g4 f4 18. Qxf4 Bb4 19. Qxb4 Bd7 20. Qc5 Qb7
21. Qb6 Qc8 22. h3 a3 23. b3 Qc3 24. Bd4 Qc8 25. Qc5 Qb7 26. Qxa3 Rfc8 27. Qb2
Be6 28. Kb1 a5 29. Rhf1 Qd7 30. a4 Rab8 31. Bb5 Qc7 32. Rd3 Bd7 33. Bxd7 Qxd7
34. Rc3 Rxc3 35. Bxc3 Qc7 36. e6 f6 37. g5 Rc8 38. Bd4 fxg5 39. Rf7 Qd6 40.
Rxg7+ Kf8 41. Bc5 Rxc5 42. Qf6+ Ke8 43. Qf7+ Kd8 44. Rg8+ 1-0

[Event "4NCL Online Division 4"]
[Site "online"]
[Date "2020.10.20"]
[Round "5.64"]
[White "Ball, Charlie"]
[Black "Evans, Christopher J"]
[Result "0-1"]
[WhiteElo "1600"]
[BlackElo "1847"]
[PlyCount "54"]
[EventDate "2020.10.20"]
[WhiteTeam "Doughnuts of Doom"]
[BlackTeam "Oxford 3"]

1. e4 c5 2. d4 cxd4 3. c3 dxc3 4. Nxc3 Nc6 5. Nf3 d6 6. Bc4 e6 7. O-O Nf6 8.
Qe2 Be7 9. Rd1 Qc7 10. Bg5 a6 11. Rac1 O-O 12. h4 Rd8 13. Bf4 Qa5 14. e5 dxe5
15. Rxd8+ Bxd8 16. Bxe5 Nxe5 17. Nxe5 Bc7 18. Nd3 Bd7 19. Nc5 Qxc5 20. Rd1 Bc6
21. Bb3 Qe5 22. Qd3 Qh2+ 23. Kf1 Qxg2+ 24. Ke1 Bf3 25. Ne2 Ng4 26. Qd4 Ba5+ 27.
Rd2 Qh1+ 0-1

[Event "4NCL Online Division 4"]
[Site "online"]
[Date "2020.10.20"]
[Round "5.71"]
[White "Hooker, Steve"]
[Black "Fairclough, William"]
[Result "1-0"]
[WhiteElo "1960"]
[BlackElo "1465"]
[PlyCount "45"]
[EventDate "2020.10.20"]
[WhiteTeam "Dorking Casuals"]
[BlackTeam "Manchester Juniors B"]

1. e4 c6 2. d4 d5 3. e5 Bf5 4. h4 e6 5. g4 Be4 6. f3 Bb4+ 7. Nd2 Bg6 8. h5 Bxh5
9. gxh5 Qg5 10. Ne2 f6 11. c3 Be7 12. Ne4 Qf5 13. N2g3 Qxe4+ 14. fxe4 Nd7 15.
exf6 Ngxf6 16. e5 Ne4 17. Nxe4 dxe4 18. Qb3 Nf8 19. Qxb7 Rd8 20. Qxc6+ Nd7 21.
Qxe6 Nf8 22. Bb5+ Nd7 23. Bg5 1-0

[Event "4NCL Online Division 4"]
[Site "online"]
[Date "2020.10.20"]
[Round "5.72"]
[White "Correa, Rebecca"]
[Black "Herman, Thomas"]
[Result "0-1"]
[WhiteElo "1435"]
[BlackElo "1847"]
[PlyCount "106"]
[EventDate "2020.10.20"]
[WhiteTeam "Manchester Juniors B"]
[BlackTeam "Dorking Casuals"]

1. d4 Nf6 2. Nf3 d5 3. Bf4 e6 4. e3 Bd6 5. Bxd6 Qxd6 6. Bd3 O-O 7. O-O Nbd7 8.
Nbd2 e5 9. dxe5 Nxe5 10. Nxe5 Qxe5 11. c3 Bg4 12. Qc2 h6 13. h3 Bd7 14. Nf3 Qh5
15. Qe2 Bf5 16. Bxf5 Qxf5 17. Nd4 Qe4 18. Rfd1 c6 19. Qf3 Rfe8 20. Rac1 Re5 21.
c4 dxc4 22. Rxc4 Rd8 23. Rcc1 Red5 24. Qe2 Rxd4 25. Rxd4 Rxd4 26. Re1 Rd7 27.
Rc1 Qd3 28. Qxd3 Rxd3 29. Rc2 Kf8 30. Kf1 Ke7 31. Ke2 Rd5 32. Kf3 Ke6 33. Kf4
Rf5+ 34. Kg3 Ne4+ 35. Kh2 Rxf2 36. Rxf2 Nxf2 37. Kg3 Nd3 38. b3 Nc1 39. a3 Nxb3
40. Kf4 f5 41. g4 g5+ 42. Kf3 Nd2+ 43. Ke2 Nc4 44. Kd3 Ne5+ 45. Kd4 fxg4 46.
hxg4 Nxg4 47. e4 h5 48. Kd3 h4 49. Ke2 Ne5 50. Kf2 g4 51. Kg2 Nd3 52. a4 Ke5
53. a5 Kf4 0-1

[Event "4NCL Online Division 4"]
[Site "online"]
[Date "2020.10.20"]
[Round "5.73"]
[White "Buckley, Keith"]
[Black "Eccleston, Bryony"]
[Result "1-0"]
[WhiteElo "1637"]
[BlackElo "1405"]
[PlyCount "91"]
[EventDate "2020.10.20"]
[WhiteTeam "Dorking Casuals"]
[BlackTeam "Manchester Juniors B"]

1. d4 Nf6 2. Bf4 e6 3. Nf3 d5 4. e3 c5 5. Bd3 Nc6 6. c3 Qb6 7. Qc2 Be7 8. O-O
O-O 9. Ng5 h6 10. Nf3 Bd7 11. Nbd2 Nh5 12. Ne5 Nxf4 13. Nxd7 Qc7 14. Nxf8 Rxf8
15. exf4 Qxf4 16. Nf3 Bf6 17. dxc5 Be7 18. b4 Rc8 19. a3 Bf6 20. Rac1 Rc7 21.
Qe2 Rc8 22. Qe3 Qc7 23. c4 d4 24. Qe4 Kf8 25. g3 Ke7 26. Rfe1 Rd8 27. Re2 Rc8
28. Rce1 Rd8 29. Nh4 g6 30. Nxg6+ fxg6 31. Qxe6+ Kf8 32. Qxf6+ Qf7 33. Qh8+ Qg8
34. Re8+ Rxe8 35. Rxe8+ Kxe8 36. Qxg8+ Ke7 37. Qg7+ Ke6 38. Qxb7 Ne5 39. Qd5+
Kf6 40. Qd8+ Ke6 41. Qd6+ Kf7 42. Qxe5 Kf8 43. Bxg6 Kg8 44. Qe8+ Kg7 45. Qf7+
Kh8 46. Qh7# 1-0

[Event "4NCL Online Division 4"]
[Site "online"]
[Date "2020.10.20"]
[Round "5.74"]
[White "Correa, Edward"]
[Black "Davies, Will"]
[Result "1/2-1/2"]
[WhiteElo "1262"]
[BlackElo "1547"]
[PlyCount "123"]
[EventDate "2020.10.20"]
[WhiteTeam "Manchester Juniors B"]
[BlackTeam "Dorking Casuals"]

1. d4 Nf6 2. Nf3 d6 3. Bf4 g6 4. e3 Bg7 5. Be2 O-O 6. c4 Nbd7 7. Nbd2 Qe8 8.
Qc2 e5 9. Bg3 exd4 10. exd4 Nb6 11. Qd1 Bf5 12. O-O Ne4 13. Nxe4 Bxe4 14. Re1
Qd7 15. Rc1 Rae8 16. b3 d5 17. c5 Nc8 18. a4 Ne7 19. Ne5 Qe6 20. Bf3 f5 21.
Bxe4 fxe4 22. Qg4 Qxg4 23. Nxg4 Bxd4 24. Bxc7 Nf5 25. Bf4 h5 26. Ne3 Bxe3 27.
Bxe3 Rc8 28. Rc2 d4 29. Bd2 d3 30. Rc4 Rfe8 31. Rexe4 Rxe4 32. Rxe4 Rxc5 33.
Re1 Rc2 34. Rd1 Kf7 35. Kf1 Nd4 36. Be3 Nxb3 37. Rxd3 Nc5 38. Bxc5 Rxc5 39. Ke2
Ke6 40. Ke3 Rc4 41. Ra3 Kd5 42. Ra2 g5 43. h3 Rc3+ 44. Kd2 Rb3 45. Kc2 Rb4 46.
a5 Rc4+ 47. Kb3 Rc5 48. a6 b6 49. g3 Ke4 50. Ra4+ Kf3 51. Ra2 Re5 52. Kc4 Re2
53. Rxe2 Kxe2 54. Kd5 g4 55. hxg4 hxg4 56. Kc6 Kxf2 57. Kb7 Kxg3 58. Kxa7 Kh2
59. Kxb6 g3 60. a7 g2 61. a8=Q g1=Q+ 62. Kb7 1/2-1/2

[Event "4NCL Online Division 4"]
[Site "online"]
[Date "2020.10.20"]
[Round "5.81"]
[White "Damodaran, Patrick"]
[Black "Dunlop, Anthony"]
[Result "0-1"]
[WhiteElo "1498"]
[BlackElo "1784"]
[PlyCount "120"]
[EventDate "2020.10.20"]
[WhiteTeam "4 Gems"]
[BlackTeam "East Kilbride Strollers"]

1. c4 c5 2. g3 Nc6 3. Bg2 d6 4. e3 e5 5. Ne2 f5 6. Nbc3 Nf6 7. d4 cxd4 8. exd4
e4 9. d5 Ne5 10. Nd4 Bd7 11. O-O Nxc4 12. Ne6 Bxe6 13. dxe6 Nb6 14. Bh3 g6 15.
Bg5 Be7 16. Nb5 O-O 17. Rc1 Nfd5 18. Be3 Nxe3 19. fxe3 d5 20. a4 Rf6 21. a5 Nc4
22. Qb3 Qxa5 23. Nd4 Qb4 24. Rfe1 Qxb3 25. Nxb3 Rxe6 26. Nd4 Rb6 27. b3 Ne5 28.
Rc7 Bg5 29. Bf1 Rb8 30. h4 Bh6 31. Rec1 Bxe3+ 32. Kg2 Bxc1 33. Rxc1 Nc6 34. Nb5
a6 35. Nc7 d4 36. Bc4+ Kg7 37. Nd5 Rb5 38. Bxb5 axb5 39. Rc5 b4 40. Rc4 d3 41.
Kf2 Rd8 42. Ne3 Rd6 43. Rc5 d2 44. Ke2 Nd4+ 45. Kd1 Nxb3 46. Rxf5 Rc6 47. Rf1
Rc1+ 48. Ke2 Rxf1 49. Nxf1 Kf6 50. Ne3 Ke5 51. Nc2 Nd4+ 52. Kxd2 Nxc2 53. Kxc2
Kd4 54. Kd2 b3 55. g4 e3+ 56. Ke2 b2 57. h5 b1=Q 58. h6 Qc2+ 59. Ke1 Qd2+ 60.
Kf1 Qf2# 0-1

[Event "4NCL Online Division 4"]
[Site "online"]
[Date "2020.10.20"]
[Round "5.82"]
[White "Madhavan, Sanjith"]
[Black "Whelan, Joseph"]
[Result "1-0"]
[WhiteElo "1498"]
[BlackElo "1358"]
[PlyCount "71"]
[EventDate "2020.10.20"]
[WhiteTeam "East Kilbride Strollers"]
[BlackTeam "4 Gems"]

1. e4 e6 2. d4 d5 3. Nd2 Nc6 4. c3 Bd7 5. e5 Nge7 6. f4 Nf5 7. Ndf3 Be7 8. Bd3
Nh6 9. Ne2 a6 10. O-O b5 11. Ng3 g6 12. Kh1 Bf8 13. h3 Bg7 14. Ne2 Ne7 15. Qc2
Nef5 16. g4 Ne7 17. Ng3 O-O 18. Bd2 Kh8 19. Rg1 Be8 20. Raf1 Rc8 21. b4 c6 22.
f5 exf5 23. Bxh6 Bxh6 24. gxf5 Bf4 25. Ne2 Be3 26. f6 Ng8 27. Rg3 Bd7 28. Kh2
Nh6 29. Nh4 g5 30. Ng2 Bf4 31. Ngxf4 gxf4 32. Nxf4 Rg8 33. Rfg1 c5 34. Rg7 Rxg7
35. fxg7+ Kg8 36. Bxh7# 1-0

[Event "4NCL Online Division 4"]
[Site "online"]
[Date "2020.10.20"]
[Round "5.83"]
[White "Gogia, Abeer"]
[Black "Peakman, Jonlee"]
[Result "0-1"]
[WhiteElo "1324"]
[BlackElo "1261"]
[PlyCount "88"]
[EventDate "2020.10.20"]
[WhiteTeam "4 Gems"]
[BlackTeam "East Kilbride Strollers"]

1. e4 c5 2. Nc3 Nc6 3. f4 g6 4. Nf3 Bg7 5. Bb5 Nd4 6. O-O Nxb5 7. Nxb5 a6 8.
Nc3 b5 9. d3 Bb7 10. Be3 d6 11. Qe1 Nf6 12. a3 O-O 13. Qh4 e6 14. Rae1 Nd7 15.
Qh3 b4 16. axb4 cxb4 17. Nd1 Rc8 18. Re2 a5 19. Ng5 h6 20. Nf3 a4 21. Nf2 f5
22. Bd4 e5 23. fxe5 dxe5 24. Be3 f4 25. Bd2 Rxc2 26. Rb1 Nc5 27. Qg4 Kh7 28.
Nh4 Qg5 29. Qxg5 hxg5 30. Nf3 Ne6 31. Ne1 Nd4 32. Nxc2 Nxe2+ 33. Kf1 Ng3+ 34.
hxg3 fxg3 35. Be3 b3 36. Na3 gxf2 37. Bxf2 Rd8 38. Ke2 Ba6 39. Rd1 Bf8 40. Be3
Bxa3 41. bxa3 b2 42. Bc5 Bxd3+ 43. Rxd3 Rxd3 44. Kxd3 b1=Q+ 0-1

[Event "4NCL Online Division 4"]
[Site "online"]
[Date "2020.10.20"]
[Round "5.84"]
[White "Tandon, Ashley"]
[Black "Rizvi, Zara"]
[Result "1-0"]
[WhiteElo "911"]
[BlackElo "1076"]
[PlyCount "91"]
[EventDate "2020.10.20"]
[WhiteTeam "East Kilbride Strollers"]
[BlackTeam "4 Gems"]

1. d4 d5 2. c4 e6 3. cxd5 exd5 4. Nc3 Nf6 5. Bg5 Be7 6. e3 O-O 7. Bd3 Nbd7 8.
Nf3 b6 9. O-O Bb7 10. Rc1 c5 11. Re1 Ne4 12. Bxe7 Qxe7 13. Nd2 Rac8 14. Ndxe4
dxe4 15. Be2 cxd4 16. Qxd4 Rfd8 17. Red1 h6 18. Qa4 Ra8 19. Bb5 Nc5 20. Rxd8+
Qxd8 21. Qc2 Rc8 22. Rd1 Qe7 23. h3 Rd8 24. Rxd8+ Qxd8 25. b4 Ne6 26. Nxe4 Qd5
27. Bd3 f5 28. f3 fxe4 29. Bxe4 Qd7 30. Bxb7 Qxb7 31. f4 b5 32. Qb3 Qb6 33. f5
Kf7 34. Qxe6+ Qxe6 35. fxe6+ Kxe6 36. Kf2 Kd5 37. Kf3 Kc4 38. a3 Kb3 39. Kf4
Kc4 40. Ke5 Kb3 41. Kd6 Kc4 42. e4 Kd4 43. e5 g5 44. g4 a6 45. e6 Ke4 46. e7
1-0

[Event "4NCL Online Division 4"]
[Site "online"]
[Date "2020.10.20"]
[Round "5.91"]
[White "Rossiter, Alex"]
[Black "Borman, Philip"]
[Result "0-1"]
[WhiteElo "1967"]
[BlackElo "2190"]
[PlyCount "70"]
[EventDate "2020.10.20"]
[WhiteTeam "Bristol Cabot Blackbeards"]
[BlackTeam "Hertford 1"]

1. e4 c6 2. d4 d5 3. Nd2 dxe4 4. Nxe4 Bf5 5. Ng3 Bg6 6. h4 h6 7. Nf3 Nd7 8. h5
Bh7 9. Bd3 Bxd3 10. Qxd3 e6 11. Bd2 Ngf6 12. O-O-O Be7 13. Kb1 O-O 14. Ne4 c5
15. g4 Nxg4 16. Qe2 Qb6 17. Nh4 f5 18. Ng6 Rf7 19. f3 fxe4 20. fxg4 cxd4 21.
Nxe7+ Rxe7 22. Qxe4 e5 23. g5 hxg5 24. Bxg5 Rf7 25. Bc1 Qc6 26. Qe2 Raf8 27.
Rdg1 Rf2 28. Qg4 R8f7 29. h6 Qxc2+ 30. Ka1 g6 31. h7+ Kh8 32. Qe6 Rg7 33. Rh6
Qf5 34. Qe8+ Qf8 35. Qe6 Rf1 0-1

[Event "4NCL Online Division 4"]
[Site "online"]
[Date "2020.10.20"]
[Round "5.92"]
[White "Morris, Simon P"]
[Black "Marston, Alastair"]
[Result "1/2-1/2"]
[WhiteElo "1915"]
[BlackElo "1742"]
[PlyCount "44"]
[EventDate "2020.10.20"]
[WhiteTeam "Hertford 1"]
[BlackTeam "Bristol Cabot Blackbeards"]

1. e4 e6 2. Nf3 d5 3. Nc3 d4 4. Ne2 c5 5. c3 Nf6 6. e5 Nfd7 7. cxd4 cxd4 8.
Nexd4 Nxe5 9. Bb5+ Nec6 10. Nxc6 Nxc6 11. Ne5 Qd5 12. Qe2 Bd6 13. f4 O-O 14.
Bxc6 bxc6 15. O-O Bb7 16. Qc4 Qxc4 17. Nxc4 Bc7 18. b3 Rfd8 19. Bb2 Ba6 20. Bc3
Rd5 21. Rf3 Rad8 22. Raf1 Rd3 1/2-1/2

[Event "4NCL Online Division 4"]
[Site "online"]
[Date "2020.10.20"]
[Round "5.93"]
[White "Burnett, Philip"]
[Black "Capes, Ian"]
[Result "1/2-1/2"]
[WhiteElo "1397"]
[BlackElo "1922"]
[PlyCount "32"]
[EventDate "2020.10.20"]
[WhiteTeam "Bristol Cabot Blackbeards"]
[BlackTeam "Hertford 1"]

1. d4 f5 2. Nf3 Nf6 3. e3 g6 4. Bd3 Bg7 5. Nbd2 O-O 6. e4 fxe4 7. Nxe4 Nxe4 8.
Bxe4 d5 9. Bd3 Nc6 10. c3 e5 11. dxe5 Nxe5 12. Nxe5 Bxe5 13. O-O Qh4 14. g3 Qf6
15. f4 Bd6 16. Be3 c5 1/2-1/2

[Event "4NCL Online Division 4"]
[Site "online"]
[Date "2020.10.20"]
[Round "5.94"]
[White "Buswell, A Mark"]
[Black "Saha, Soumil"]
[Result "1-0"]
[WhiteElo "1787"]
[BlackElo "1060"]
[PlyCount "43"]
[EventDate "2020.10.20"]
[WhiteTeam "Hertford 1"]
[BlackTeam "Bristol Cabot Blackbeards"]

1. d4 Nf6 2. c4 e6 3. Nf3 c5 4. e3 cxd4 5. exd4 Nc6 6. Nc3 Qc7 7. Be2 Na5 8. b3
Bb4 9. Bb2 b5 10. c5 Ne4 11. Qc2 Bb7 12. O-O Nxc3 13. Bxc3 Bxc3 14. Qxc3 Ba6
15. Qd2 Nc6 16. b4 e5 17. dxe5 Nxe5 18. Nxe5 Qxe5 19. Bf3 O-O 20. Bxa8 Rxa8 21.
Qxd7 Rb8 22. Rfe1 1-0

[Event "4NCL Online Division 4"]
[Site "online"]
[Date "2020.10.20"]
[Round "5.101"]
[White "Parry, Samuel"]
[Black "Allison, Conrad"]
[Result "1-0"]
[WhiteElo "1982"]
[BlackElo "1837"]
[PlyCount "107"]
[EventDate "2020.10.20"]
[WhiteTeam "Manchester Juniors A"]
[BlackTeam "Kent KJCA Kestrels D"]

1. d4 d6 2. e4 Nf6 3. Nc3 Nbd7 4. g4 h6 5. h3 e5 6. Nge2 exd4 7. Qxd4 Be7 8.
Bg2 c6 9. Be3 Qc7 10. O-O O-O 11. a4 Nc5 12. f4 Nh7 13. Ng3 Bf6 14. Qd2 Be6 15.
Nf5 Rad8 16. Rad1 Bxf5 17. gxf5 Rfe8 18. Bd4 Kh8 19. Rfe1 a6 20. b4 Nd7 21. Bf2
Nb6 22. Qe3 Nc4 23. Qf3 b5 24. a5 Rg8 25. Bf1 g5 26. Bxc4 bxc4 27. Bb6 gxf4+
28. Kh1 Qe7 29. Bxd8 Qxd8 30. e5 Rg3 31. Qxf4 Rxh3+ 32. Kg2 Rxc3 33. exf6 Rxc2+
34. Kf1 Qxf6 35. Rxd6 Qg5 36. Re8+ Kg7 37. Qxg5+ Nxg5 38. Rxc6 c3 39. Re2 Rb2
40. Rxc3 Rxb4 41. Rc6 Rb5 42. Rxa6 Rxf5+ 43. Kg2 h5 44. Ra2 Ne6 45. Rd6 Nc7 46.
a6 Re5 47. a7 Re8 48. Rd7 Na8 49. Rb2 Kf6 50. Rb8 Re2+ 51. Kf3 Ra2 52. Rxa8 Ke6
53. Rd3 Ke7 54. Rb3 1-0

[Event "4NCL Online Division 4"]
[Site "online"]
[Date "2020.10.20"]
[Round "5.102"]
[White "Cook, John"]
[Black "Gardiner, Ethan"]
[Result "1/2-1/2"]
[WhiteElo "1815"]
[BlackElo "1780"]
[PlyCount "131"]
[EventDate "2020.10.20"]
[WhiteTeam "Kent KJCA Kestrels D"]
[BlackTeam "Manchester Juniors A"]

1. c4 e5 2. g3 Nc6 3. Nc3 g6 4. Bg2 Bg7 5. e4 d6 6. Nge2 Be6 7. d3 Qc8 8. Nd5
Nge7 9. O-O O-O 10. Bg5 f6 11. Be3 f5 12. Bg5 Rf7 13. Qd2 Bxd5 14. cxd5 Nd8 15.
Rac1 Qd7 16. Rc2 c6 17. dxc6 Ndxc6 18. Rfc1 Raf8 19. exf5 Rxf5 20. Bh3 Nd5 21.
Bxf5 Qxf5 22. Be3 Nxe3 23. Qxe3 Bh6 24. f4 exf4 25. Nxf4 Bxf4 26. gxf4 Qg4+ 27.
Rg2 Qxf4 28. Qxf4 Rxf4 29. Rg3 Rd4 30. Rc4 Rd5 31. Kg2 Ra5 32. a3 Rb5 33. b4 a5
34. bxa5 Rb2+ 35. Kh3 Ra2 36. d4 Nxa5 37. Rb4 Nc6 38. Rxb7 Nxd4 39. Rc3 Ne6 40.
Rc8+ Nf8 41. Ra7 Rb2 42. Raa8 Rb3+ 43. Kg4 h5+ 44. Kg5 Rb5+ 45. Kh6 Rf5 46. a4
h4 47. Rxf8+ Rxf8 48. Rxf8+ Kxf8 49. Kxg6 Ke7 50. a5 Kd7 51. Kf5 Kc6 52. Ke4
Kb5 53. Kd5 Kxa5 54. Kxd6 Kb6 55. Ke5 Kc5 56. Kf4 Kd4 57. Kg4 Ke5 58. Kxh4 Kf6
59. Kh5 Kg7 60. Kg5 Kh7 61. h4 Kg7 62. h5 Kh7 63. h6 Kh8 64. Kg6 Kg8 65. h7+
Kh8 66. Kh6 1/2-1/2

[Event "4NCL Online Division 4"]
[Site "online"]
[Date "2020.10.20"]
[Round "5.103"]
[White "Jayawarna, Tarini"]
[Black "Moore, Eoin"]
[Result "1/2-1/2"]
[WhiteElo "1712"]
[BlackElo "1742"]
[PlyCount "104"]
[EventDate "2020.10.20"]
[WhiteTeam "Manchester Juniors A"]
[BlackTeam "Kent KJCA Kestrels D"]

1. e4 e6 2. d4 d5 3. Nd2 Be7 4. Ngf3 Nf6 5. e5 Nfd7 6. Bd3 c5 7. c3 Nc6 8. O-O
a5 9. a4 cxd4 10. cxd4 Nb4 11. Bb5 O-O 12. Re1 Nb6 13. b3 Bd7 14. Bf1 Qc7 15.
Ba3 Rfc8 16. Bxb4 Bxb4 17. Rc1 Bc6 18. Bd3 Qe7 19. Rc2 Be8 20. Rxc8 Rxc8 21.
Qb1 Bxd2 22. Nxd2 Qb4 23. Nf3 h6 24. h3 Rc3 25. Bc2 Nc8 26. Rc1 b5 27. Qb2 Kf8
28. axb5 Nb6 29. Bd1 Na4 30. Qd2 Rxc1 31. Qxc1 Nc3 32. b6 Nxd1 33. Qxd1 Qxb6
34. Qc2 Qc6 35. Qb2 Kg8 36. g4 a4 37. bxa4 Qxa4 38. Qb8 Kh7 39. Qd8 Bb5 40. Kg2
Be2 41. Qb6 Qd1 42. Nh2 Bd3 43. Qb2 Kg6 44. h4 h5 45. f3 hxg4 46. fxg4 Be4+ 47.
Kf2 Qh1 48. Kg3 Qe1+ 49. Qf2 Qc3+ 50. Kf4 Qc1+ 51. Kg3 Qc3+ 52. Kf4 Qc1+
1/2-1/2

[Event "4NCL Online Division 4"]
[Site "online"]
[Date "2020.10.20"]
[Round "5.104"]
[White "Wang, Yong Gui"]
[Black "Jayawarna, Thisumi"]
[Result "1-0"]
[WhiteElo "1577"]
[BlackElo "1705"]
[PlyCount "81"]
[EventDate "2020.10.20"]
[WhiteTeam "Kent KJCA Kestrels D"]
[BlackTeam "Manchester Juniors A"]

1. d4 Nf6 2. c4 c5 3. Nf3 g6 4. g3 Bg7 5. Bg2 d6 6. O-O cxd4 7. Nxd4 O-O 8. Nc3
Nbd7 9. e4 Ne5 10. b3 Rb8 11. Bb2 Bd7 12. Rb1 Nc6 13. Nc2 a6 14. Ne3 Qc7 15.
Ncd5 Nxd5 16. Nxd5 Qd8 17. Bxg7 Kxg7 18. h4 h5 19. f4 Bg4 20. Bf3 Bxf3 21. Qxf3
Nd4 22. Qe3 Ne6 23. f5 Nc5 24. f6+ exf6 25. Nxf6 Rc8 26. Qc3 Kh6 27. Rf5 Nxe4
28. Qe3+ Kg7 29. Nxh5+ Kg8 30. Qh6 gxh5 31. Rxh5 Qb6+ 32. c5 Qxc5+ 33. Rxc5
Rxc5 34. Qf4 Re8 35. Rf1 Re7 36. g4 Nc3 37. Qf6 Rd7 38. h5 Ne2+ 39. Kg2 Kf8 40.
h6 Rc2 41. Rf2 1-0

[Event "4NCL Online Division 4"]
[Site "online"]
[Date "2020.10.20"]
[Round "5.111"]
[White "Smith, Mark"]
[Black "Vaidyanathan, Adithya"]
[Result "1/2-1/2"]
[WhiteElo "1802"]
[BlackElo "1472"]
[PlyCount "83"]
[EventDate "2020.10.20"]
[WhiteTeam "Shropshire 3"]
[BlackTeam "Warwickshire Bears C"]

1. e4 c5 2. Nc3 Nc6 3. g3 e5 4. Bg2 Nf6 5. d3 Be7 6. Nge2 Nd4 7. O-O d6 8. Nxd4
cxd4 9. Ne2 Be6 10. f4 O-O 11. f5 Bd7 12. h3 h6 13. g4 Nh7 14. Bd2 Rc8 15. Ng3
Bg5 16. Rc1 Bh4 17. Kh2 Bg5 18. Nh5 Nf6 19. Bxg5 hxg5 20. Ng3 Bc6 21. Qd2 d5
22. Qxg5 dxe4 23. Nxe4 Nxe4 24. Qxd8 Rfxd8 25. Bxe4 Bxe4 26. dxe4 d3 27. cxd3
Rxc1 28. Rxc1 Rxd3 29. g5 Rd2+ 30. Kg3 Rxb2 31. g6 fxg6 32. fxg6 Kf8 33. Rc8+
Ke7 34. Rc7+ Kf6 35. Rf7+ Kxg6 36. Rf5 Rxa2 37. Rxe5 Kf6 38. Rf5+ Ke6 39. Rg5
Kf6 40. Rf5+ Ke6 41. Rg5 Kf6 42. Rf5+ 1/2-1/2

[Event "4NCL Online Division 4"]
[Site "online"]
[Date "2020.10.20"]
[Round "5.112"]
[White "He, Tom Junde"]
[Black "Maydew, Simon"]
[Result "0-1"]
[WhiteElo "1465"]
[BlackElo "1765"]
[PlyCount "92"]
[EventDate "2020.10.20"]
[WhiteTeam "Warwickshire Bears C"]
[BlackTeam "Shropshire 3"]

1. d4 Nf6 2. Bf4 d5 3. e3 c5 4. c3 Qb6 5. Qb3 c4 6. Qxb6 axb6 7. Bc7 b5 8. Nf3
Bf5 9. Na3 b4 10. cxb4 e6 11. Ba5 Nc6 12. Nb5 Nxa5 13. Nc7+ Kd7 14. Nxa8 Bxb4+
15. Kd1 Rxa8 16. Ne5+ Ke7 17. f3 Nb3 18. a3 Nxa1 19. axb4 Ra2 20. g4 Bc2+ 21.
Kc1 c3 22. Bd3 cxb2+ 23. Kd2 b1=Q 24. Rxb1 Bxb1+ 25. Kc1 Bxd3 26. Nxd3 Nb3+ 27.
Kb1 Rxh2 28. g5 Nd7 29. f4 Nd2+ 30. Kc1 Nc4 31. Nc5 Nxc5 32. dxc5 Kd7 33. e4
dxe4 34. b5 Rb2 35. c6+ Kc7 36. f5 exf5 37. Kd1 bxc6 38. bxc6 Kxc6 39. g6 fxg6
40. Ke1 Kd5 41. Kd1 Kd4 42. Ke1 Kd3 43. Kf1 Ke3 44. Kg1 Kf3 45. Kh1 Kg3 46. Kg1
Rb1# 0-1

[Event "4NCL Online Division 4"]
[Site "online"]
[Date "2020.10.20"]
[Round "5.113"]
[White "Podlesak, Mark"]
[Black "Xia, Weiquan"]
[Result "1-0"]
[WhiteElo "1735"]
[BlackElo "1390"]
[PlyCount "69"]
[EventDate "2020.10.20"]
[WhiteTeam "Shropshire 3"]
[BlackTeam "Warwickshire Bears C"]

1. d4 Nc6 2. Nf3 d5 3. Bf4 Bf5 4. c4 e6 5. Nc3 Nf6 6. e3 Be7 7. Be2 O-O 8. O-O
b6 9. h3 Bd6 10. Bxd6 cxd6 11. cxd5 exd5 12. Rc1 Rc8 13. Qa4 Bd7 14. Bb5 Na5
15. Bxd7 Qxd7 16. Qxd7 Nxd7 17. Nxd5 Nb7 18. Ne7+ Kh8 19. Nxc8 Nf6 20. Rc7 Na5
21. Rfc1 Nd5 22. Rxa7 h6 23. Nxd6 Kg8 24. a3 Nb3 25. Rc8 Rxc8 26. Nxc8 Nf6 27.
Nd6 Kh7 28. Rxf7 Kg6 29. Ne5+ Kg5 30. Rxg7+ Kh5 31. g4+ Kh4 32. Kg2 Nxg4 33.
Rxg4+ Kh5 34. Ne8 b5 35. Nf6# 1-0

[Event "4NCL Online Division 4"]
[Site "online"]
[Date "2020.10.20"]
[Round "5.114"]
[White "Vaidyanathan, Sathya"]
[Black "Walker, Kate"]
[Result "0-1"]
[WhiteElo "1127"]
[BlackElo "1705"]
[PlyCount "104"]
[EventDate "2020.10.20"]
[WhiteTeam "Warwickshire Bears C"]
[BlackTeam "Shropshire 3"]

1. e4 c6 2. d4 d5 3. exd5 cxd5 4. Nf3 Nc6 5. Nc3 Bf5 6. Bf4 e6 7. a3 Bd6 8.
Bxd6 Qxd6 9. Bd3 Bxd3 10. Qxd3 Nge7 11. Nb5 Qd8 12. Nc3 O-O 13. O-O Nf5 14. h3
Qb6 15. b4 Ncxd4 16. Nxd4 Qxd4 17. Qxd4 Nxd4 18. Rac1 Rac8 19. Na4 Rxc2 20.
Rxc2 Nxc2 21. Nc5 b6 22. Nd7 Rd8 23. Ne5 Nxa3 24. Ra1 Nc4 25. Nc6 Ra8 26. Ne7+
Kf8 27. Nc6 a6 28. Nd4 b5 29. Nxb5 Rb8 30. Nd4 Rxb4 31. Rxa6 Rb1+ 32. Kh2 Rb2
33. Kg3 g6 34. Ra8+ Kg7 35. Ra7 e5 36. Ne6+ Kf6 37. Nc5 h5 38. Ra6+ Kf5 39. Nd7
d4 40. Rf6+ Kg5 41. f4+ exf4+ 42. Rxf4 Ne3 43. Rxd4 Nf5+ 44. Kf3 Nxd4+ 45. Kg3
h4+ 46. Kh2 Nf5 47. Ne5 Ng3 48. Nxf7+ Kf6 49. Nh6 Rb1 50. Ng4+ Kg7 51. Nf2 Rf1
52. Ng4 Rh1# 0-1

[Event "4NCL Online Division 4"]
[Site "online"]
[Date "2020.10.20"]
[Round "5.121"]
[White "Dasgupta, Avyukt"]
[Black "Gajdosz, Marek"]
[Result "1-0"]
[WhiteElo "1757"]
[BlackElo "1750"]
[PlyCount "45"]
[EventDate "2020.10.20"]
[WhiteTeam "Watford Juniors A"]
[BlackTeam "Darnall & Handsworth"]

1. d4 d5 2. Bf4 e6 3. e3 Nd7 4. Nd2 b6 5. Ngf3 Ngf6 6. Bd3 Bb7 7. c3 c5 8. Rc1
Be7 9. Bb1 Rc8 10. O-O Nh5 11. Bg3 Nxg3 12. fxg3 f5 13. b3 Bd6 14. c4 O-O 15.
Qe1 g5 16. h3 h5 17. h4 g4 18. Ng5 Rf6 19. cxd5 Bxd5 20. e4 fxe4 21. Ndxe4
Rxf1+ 22. Qxf1 Qf8 23. Nxd6 1-0